000 01572nam a22002417a 4500
999 _c56912
_d56912
003 Ge_BSU
005 20190618144522.0
008 190618b1986 ge ||||| |||| 00| 0 geo d
041 _ageo
080 _a744.5 (072) მ-50
245 _aმეთოდური მითითებები საამწყობო ერთეულის დეტალების ესკიზებისა და საერთო ხელის ნახაზების შესადგენად /
_c საქ. სსრ უმაღ. და საშ. სპეც. განათლ. სამ-რო ; საქ. პოლიტექნიკური ინ-ტი ; [შემდგ. : ა. ბეჟანიშვილი, მ. დემეტრაძე].
264 _aთბილისი :
_bსპი,
_c1986.
300 _a129 გვ. ;
_c20 სმ.
504 _a ბიბლიოგრ. : გვ. 128.
653 _a სამანქანათმშენებლო ხაზვა
653 _a ესკიზების შედგენა
653 _a ნახაზების შედგენა
700 _aბეჟანიშვილი, ა.
_eშემდგენელი
_92538
700 _a დემეტრაძე, მ.
_eშემდგენელი
_92539
710 _aსაქ. სსრ უმაღ. და საშ. სპეც. განათლ. სამ-რო
_92540
710 _aსაქ. პოლიტექნიკური ინ-ტი
_91792
942 _2udc
_cBK